[Event "GBR-ch110 Major Open"]
[Site "Hull"]
[Date "2024.07.29"]
[Round "3.49"]
[White "Li, Xiaofan"]
[Black "Swiatkowski, Dominik"]
[Result "1-0"]
[WhiteElo "1798"]
[BlackElo "1523"]
[PlyCount "41"]
[EventDate "2024.07.27"]
[EventType "swiss"]
[EventRounds "9"]
[EventCountry "GBR"]
[SourceTitle "BritBase"]
[Source "John Saunders"]
[SourceDate "2025.02.20"]
[SourceVersion "1"]
[SourceVersionDate "2025.02.20"]
[SourceQuality "1"]

1. e4 e5 2. Nf3 Nc6 3. Bb5 a6 4. Ba4 Nf6 5. d4 exd4 6. O-O Be7 7. e5 Ne4 8. Re1 Nc5 9. Bxc6 dxc6 10. Nxd4 O-O 11. Nc3 Ne6 12. Nf5 b6 13. Be3 Bb7 14. Qg4 g6 15. Rad1 Qe8 16. Bh6 Kh8 17. Nxe7 Qxe7 18. Bxf8 Rxf8 19. Ne4 Kg7 20. Nf6 Bc8 21. Qh4 1-0

[Event "GBR-ch110 Major Open"]
[Site "Hull"]
[Date "2024.07.29"]
[Round "3.50"]
[White "Neenan, Henry"]
[Black "Ba, Amy"]
[Result "1-0"]
[WhiteElo "1793"]
[BlackElo "1471"]
[PlyCount "120"]
[EventDate "2024.07.27"]
[EventType "swiss"]
[EventRounds "9"]
[EventCountry "GBR"]
[SourceTitle "BritBase"]
[Source "John Saunders"]
[SourceDate "2025.02.20"]
[SourceVersion "1"]
[SourceVersionDate "2025.02.20"]
[SourceQuality "1"]

1. e4 c6 2. Nc3 d5 3. Nf3 dxe4 4. Nxe4 Nd7 5. Bc4 Ngf6 6. Qe2 Nxe4 7. Qxe4 Nf6 8. Ne5 e6 9. Qe2 Bd6 10. d4 O-O 11. O-O b5 12. Bd3 Qc7 13. Bg5 Nd7 14. Nxc6 Bb7 15. Ne7+ Bxe7 16. Bxe7 Rfe8 17. Bh4 Qc6 18. f3 a6 19. Be4 Qc8 20. c3 f5 21. Bc2 Bd5 22. Rfe1 Nb6 23. a4 Bc4 24. Bd3 Bxd3 25. Qxd3 Nxa4 26. Re2 Nb6 27. Rae1 Nd5 28. Re5 Nf4 29. Qd1 Ng6 30. Rc5 Qd7 31. Bg3 Rac8 32. Rxc8 Qxc8 33. Qb3 Qc4 34. Qxc4 bxc4 35. Ra1 Ra8 36. Bd6 a5 37. Ra4 Ra6 38. Ba3 Nf4 39. Rxc4 a4 40. Kf2 Kf7 41. g3 Nd5 42. Rc8 h6 43. Rb8 Kf6 44. h4 h5 45. Rb7 g5 46. c4 Nb6 47. Rc7 gxh4 48. Rc6 hxg3+ 49. Kxg3 Ra8 50. Rxb6 Rg8+ 51. Kh3 Rg1 52. d5 Re1 53. dxe6 Rxe6 54. Rxe6+ Kxe6 55. f4 Kd7 56. Kh4 Kc6 57. Kxh5 Kb6 58. Kg6 Kc6 59. Kxf5 Kd7 60. Kg6 Kc6 1-0

[Event "GBR-ch110 Major Open"]
[Site "Hull"]
[Date "2024.07.29"]
[Round "3.52"]
[White "Zhu, Pengxiao"]
[Black "Saxena, Advik"]
[Result "1-0"]
[WhiteElo "1969"]
[BlackElo "1666"]
[PlyCount "121"]
[EventDate "2024.07.27"]
[EventType "swiss"]
[EventRounds "9"]
[EventCountry "GBR"]
[SourceTitle "BritBase"]
[Source "John Saunders"]
[SourceDate "2025.02.20"]
[SourceVersion "1"]
[SourceVersionDate "2025.02.20"]
[SourceQuality "1"]

1. d4 Nf6 2. c4 e6 3. Nc3 Bb4 4. Qc2 c5 5. dxc5 Bxc5 6. Nf3 Nc6 7. Bg5 h6 8. Bh4 O-O 9. e3 b6 10. Be2 Nb4 11. Qd2 Bb7 12. a3 Nc6 13. O-O Be7 14. Rad1 Qc7 15. Bxf6 Bxf6 16. Qxd7 Qb8 17. Qd2 Rd8 18. Qc2 Qc7 19. Nb5 Qe7 20. Rd2 a6 21. Nbd4 Nxd4 22. Nxd4 e5 23. Nf5 Qe6 24. Ng3 Rxd2 25. Qxd2 Rd8 26. Qc2 Rc8 27. h3 g6 28. Rc1 Bg7 29. e4 h5 30. b4 a5 31. Bd3 Bf8 32. Qb2 Qd6 33. Be2 axb4 34. axb4 Qxb4 35. Qxe5 Bg7 36. Qg5 Kh7 37. Rd1 Ba6 38. e5 Bxc4 39. Bxh5 gxh5 40. Qf5+ Kg8 41. Qxc8+ Bf8 42. Nxh5 Be2 43. Nf6+ Kg7 44. Qf5 Qh4 45. Rd4 Qh6 46. Rf4 Qg6 47. Qxg6+ fxg6 48. Nd7 Bc5 49. Nxc5 bxc5 50. e6 Bb5 51. e7 c4 52. Rf8 c3 53. e8=Q Bxe8 54. Rxe8 c2 55. Rc8 c1=Q+ 56. Rxc1 Kf6 57. g4 Kg5 58. Kg2 Kh4 59. Rc5 g5 60. f4 gxf4 61. Rh5# 1-0

[Event "GBR-ch110 Major Open"]
[Site "Hull"]
[Date "2024.07.29"]
[Round "3.53"]
[White "Mittal, Advik"]
[Black "Howorth, Jack"]
[Result "1/2-1/2"]
[WhiteElo "1619"]
[BlackElo "1830"]
[PlyCount "55"]
[EventDate "2024.07.27"]
[EventType "swiss"]
[EventRounds "9"]
[EventCountry "GBR"]
[SourceTitle "BritBase"]
[Source "John Saunders"]
[SourceDate "2025.02.20"]
[SourceVersion "1"]
[SourceVersionDate "2025.02.20"]
[SourceQuality "1"]

1. d4 Nf6 2. Bf4 g6 3. Nf3 Bg7 4. h3 O-O 5. e3 d6 6. Be2 c5 7. c3 cxd4 8. exd4 Na6 9. a4 Nc7 10. Bh2 b6 11. O-O Bb7 12. Nbd2 a6 13. Rc1 Ne4 14. Nxe4 Bxe4 15. Nd2 Bc6 16. Bf3 Qd7 17. Bxc6 Qxc6 18. Re1 Rfe8 19. Qb3 b5 20. axb5 axb5 21. Ne4 Nd5 22. Bg3 h6 23. Kh2 Kh7 24. f3 f5 25. Nd2 e5 26. dxe5 dxe5 27. c4 bxc4 28. Qxc4 1/2-1/2

[Event "GBR-ch110 Major Open"]
[Site "Hull"]
[Date "2024.07.29"]
[Round "3.54"]
[White "Hu, Junyan"]
[Black "Mize, Dylan"]
[Result "0-1"]
[WhiteElo "1617"]
[BlackElo "1824"]
[PlyCount "120"]
[EventDate "2024.07.27"]
[EventType "swiss"]
[EventRounds "9"]
[EventCountry "GBR"]
[SourceTitle "BritBase"]
[Source "John Saunders"]
[SourceDate "2025.02.20"]
[SourceVersion "1"]
[SourceVersionDate "2025.02.20"]
[SourceQuality "1"]

1. e4 c6 2. Nc3 d5 3. Nf3 dxe4 4. Nxe4 Nf6 5. Qe2 Nxe4 6. Qxe4 Be6 7. c4 Nd7 8. d4 Nf6 9. Qc2 g6 10. Bd3 Qc7 11. Be3 Bg7 12. O-O-O Bg4 13. h3 Bxf3 14. gxf3 O-O-O 15. Be4 Kb8 16. Qd2 Nh5 17. Qb4 Rd7 18. Qc5 Qb6 19. Qxb6 axb6 20. d5 c5 21. Rd2 f5 22. Bc2 f4 23. Ba4 Rdd8 24. Re1 fxe3 25. Rxe3 Bf6 26. Re6 Bg5 27. Rxb6 Rc8 28. Rb5 Rhf8 29. Bd1 Ng7 30. Kc2 Bxd2 31. Kxd2 Nf5 32. Rb6 Nd4 33. Ke3 Rf6 34. Rxf6 exf6 35. b3 Re8+ 36. Kd2 f5 37. a3 f4 38. a4 Kc7 39. h4 Nf5 40. Bc2 Nxh4 41. Be4 Kd6 42. Kc3 Nf5 43. Kd2 h5 44. Kc3 h4 45. b4 b6 46. a5 cxb4+ 47. Kxb4 bxa5+ 48. Kxa5 Kc5 49. Ka6 Nd6 50. Ka7 Nxe4 51. fxe4 Rxe4 52. f3 Re7+ 53. Ka6 Kxc4 54. d6 Rd7 55. Kb6 Rxd6+ 56. Kc7 Kc5 57. Kc8 Kc6 58. Kb8 Rf6 59. Ka8 Kb6 60. Kb8 Rf8# 0-1

[Event "GBR-ch110 Major Open"]
[Site "Hull"]
[Date "2024.07.29"]
[Round "3.55"]
[White "Waterfield, Mark B"]
[Black "Pleimling, Luc"]
[Result "1-0"]
[WhiteElo "1815"]
[BlackElo "1615"]
[PlyCount "29"]
[EventDate "2024.07.27"]
[EventType "swiss"]
[EventRounds "9"]
[EventCountry "GBR"]
[SourceTitle "BritBase"]
[Source "John Saunders"]
[SourceDate "2025.02.20"]
[SourceVersion "1"]
[SourceVersionDate "2025.02.20"]
[SourceQuality "1"]

1. e4 e5 2. Nf3 Nf6 3. d4 Nxe4 4. Bd3 Nc6 5. dxe5 Nc5 6. Nc3 Nxd3+ 7. Qxd3 d6 8. Bf4 Qe7 9. O-O-O dxe5 10. Nxe5 Nxe5 11. Bxe5 Qg5+ 12. f4 Qe7 13. Nd5 Qd7 14. Nxc7+ Ke7 15. Qa3+ 1-0

[Event "GBR-ch110 Major Open"]
[Site "Hull"]
[Date "2024.07.29"]
[Round "3.56"]
[White "Kulibaev, Richard"]
[Black "Li, Reya"]
[Result "0-1"]
[WhiteElo "1213"]
[BlackElo "1766"]
[PlyCount "38"]
[EventDate "2024.07.27"]
[EventType "swiss"]
[EventRounds "9"]
[EventCountry "GBR"]
[SourceTitle "BritBase"]
[Source "John Saunders"]
[SourceDate "2025.02.20"]
[SourceVersion "1"]
[SourceVersionDate "2025.02.20"]
[SourceQuality "1"]

1. e4 d5 2. exd5 Qxd5 3. Nc3 Qa5 4. Bc4 Nf6 5. Nf3 Bf5 6. d4 c6 7. Ne5 e6 8. Bd2 Qc7 9. O-O Nbd7 10. Bf4 Bd6 11. Nxf7 Kxf7 12. Bg5 h6 13. Bxf6 Nxf6 14. Qf3 Bxh2+ 15. Kh1 Qf4 16. Qe3 Qh4 17. g3 Bxg3+ 18. Kg2 Qh2+ 19. Kf3 Bg4# 0-1

[Event "GBR-ch110 Major Open"]
[Site "Hull"]
[Date "2024.07.29"]
[Round "3.58"]
[White "Sobolevski, Damien"]
[Black "Robertson, Jim"]
[Result "1/2-1/2"]
[WhiteElo "1041"]
[BlackElo "1686"]
[PlyCount "73"]
[EventDate "2024.07.27"]
[EventType "swiss"]
[EventRounds "9"]
[EventCountry "GBR"]
[SourceTitle "BritBase"]
[Source "John Saunders"]
[SourceDate "2025.02.20"]
[SourceVersion "1"]
[SourceVersionDate "2025.02.20"]
[SourceQuality "1"]

1. e4 g6 2. d4 Bg7 3. Be3 d6 4. Qd2 a6 5. Nc3 h6 6. Bd3 e6 7. Nge2 Ne7 8. f3 Nd7 9. h4 b6 10. g4 Bb7 11. h5 g5 12. f4 gxf4 13. Bxf4 e5 14. Be3 exd4 15. Bxd4 Bxd4 16. Nxd4 Ne5 17. Be2 d5 18. exd5 Nxd5 19. Nf5 Nxc3 20. Qxc3 Qd5 21. Ng7+ Kf8 22. Rf1 Kxg7 23. Rf4 Qh1+ 24. Rf1 Qh4+ 25. Rf2 Qe7 26. O-O-O Kh7 27. Bd3+ Nxd3+ 28. Qxd3+ Be4 29. Rxf7+ Qxf7 30. Qxe4+ Kg7 31. Qe5+ Kg8 32. Qe4 Re8 33. Qd3 a5 34. Rf1 Qg7 35. Qd5+ Kh7 36. Qf5+ Kg8 37. Qd5+ 1/2-1/2

[Event "GBR-ch110 Major Open"]
[Site "Hull"]
[Date "2024.07.30"]
[Round "4.1"]
[White "Dishman, Matthew"]
[Black "Price, Gwilym T"]
[Result "0-1"]
[WhiteElo "1936"]
[BlackElo "2217"]
[PlyCount "78"]
[EventDate "2024.07.27"]
[EventType "swiss"]
[EventRounds "9"]
[EventCountry "GBR"]
[SourceTitle "BritBase"]
[Source "John Saunders"]
[SourceDate "2025.02.20"]
[SourceVersion "1"]
[SourceVersionDate "2025.02.20"]
[SourceQuality "1"]

1. e4 c5 2. Nc3 Nc6 3. Bb5 Nd4 4. Nf3 a6 5. Bd3 g6 6. Nxd4 cxd4 7. Ne2 d5 8. c3 dxe4 9. Bxe4 Nf6 10. Bf3 d3 11. Ng3 h5 12. Ne4 Bg7 13. O-O Nxe4 14. Bxe4 f5 15. Bf3 e5 16. Qe1 O-O 17. b4 Re8 18. Bd1 Kh7 19. f3 Bd7 20. Qf2 Bc6 21. Bb2 e4 22. fxe4 Bxe4 23. Bb3 h4 24. Rfe1 Qg5 25. Re3 f4 26. Rh3 Bf6 27. Bc4 Rad8 28. Re1 Bxg2 29. Qxh4+ Qxh4 30. Rxh4+ Bxh4 31. Rxe8 Rxe8 32. Kxg2 Re2+ 33. Kh3 Rxd2 34. Bc1 Rc2 35. Kxh4 Rxc1 36. Bxd3 Rxc3 37. Be4 b6 38. Kg5 f3 39. Bxg6+ Kg7 0-1

[Event "GBR-ch110 Major Open"]
[Site "Hull"]
[Date "2024.07.30"]
[Round "4.2"]
[White "Yoon, Jacob D"]
[Black "Bharat Kumar, Balahari"]
[Result "1-0"]
[WhiteElo "2118"]
[BlackElo "1989"]
[PlyCount "99"]
[EventDate "2024.07.27"]
[EventType "swiss"]
[EventRounds "9"]
[EventCountry "GBR"]
[SourceTitle "BritBase"]
[Source "John Saunders"]
[SourceDate "2025.02.20"]
[SourceVersion "1"]
[SourceVersionDate "2025.02.20"]
[SourceQuality "1"]

1. d4 d5 2. c4 dxc4 3. e3 Nf6 4. Nc3 e6 5. Nf3 c5 6. Bxc4 a6 7. a4 Nc6 8. O-O cxd4 9. exd4 Be7 10. Bf4 O-O 11. Rc1 Nb4 12. Ne5 Bd7 13. Re1 Bc6 14. Nxc6 bxc6 15. Be5 a5 16. Qf3 Nbd5 17. Bd3 Qb6 18. Qh3 h6 19. Re2 Nd7 20. Qg4 Nxe5 21. dxe5 Qb4 22. Ne4 Rac8 23. h4 Kh8 24. Rc4 Qb3 25. Nc3 Nxc3 26. Rxc3 Qd5 27. Bc2 c5 28. Rd3 Qc6 29. Rg3 Rg8 30. Rf3 Rgf8 31. Rg3 Rg8 32. Qh5 Qe8 33. Qf3 g6 34. h5 Rd8 35. hxg6 fxg6 36. Re4 Bg5 37. Reg4 Qf8 38. Qc3 Qe7 39. f4 Bh4 40. Rh3 g5 41. g3 Qb7 42. Rh2 Rd4 43. gxh4 Rxf4 44. Rhg2 Rf3 45. Be4 Rxc3 46. Bxb7 Rc1+ 47. Kh2 Rb8 48. Bc6 Re1 49. hxg5 h5 50. Rh4 1-0

[Event "GBR-ch110 Major Open"]
[Site "Hull"]
[Date "2024.07.30"]
[Round "4.3"]
[White "Fava, Lorenzo"]
[Black "Pert, Nina P"]
[Result "1-0"]
[WhiteElo "2161"]
[BlackElo "1966"]
[PlyCount "71"]
[EventDate "2024.07.27"]
[EventType "swiss"]
[EventRounds "9"]
[EventCountry "GBR"]
[SourceTitle "BritBase"]
[Source "John Saunders"]
[SourceDate "2025.02.20"]
[SourceVersion "1"]
[SourceVersionDate "2025.02.20"]
[SourceQuality "1"]

1. Nf3 d5 2. c4 e6 3. b3 Be7 4. Bb2 Bf6 5. d4 b6 6. Nc3 Ne7 7. e4 g6 8. Rc1 c6 9. Bd3 Bb7 10. h4 h6 11. cxd5 cxd5 12. e5 Bg7 13. Nb5 Bc6 14. Nd6+ Kf8 15. Ba3 Kg8 16. h5 g5 17. Nh2 Nc8 18. Ng4 Nxd6 19. Bxd6 Bd7 20. O-O Nc6 21. Ba6 Bc8 22. Bb5 Ne7 23. Bc7 Qf8 24. Nf6+ Bxf6 25. exf6 Nf5 26. Bc6 Ba6 27. Re1 Rc8 28. Bd7 Ra8 29. Rxe6 Bb5 30. Re7 Bxd7 31. Rxd7 Qe8 32. Rxd5 Qe6 33. Re5 Qd7 34. Qf3 Rc8 35. Qxf5 Rxc7 36. Rxc7 1-0

[Event "GBR-ch110 Major Open"]
[Site "Hull"]
[Date "2024.07.30"]
[Round "4.4"]
[White "Stoica, Savas Marin"]
[Black "Kumar, Sanjit S"]
[Result "1/2-1/2"]
[WhiteElo "2107"]
[BlackElo "1942"]
[PlyCount "110"]
[EventDate "2024.07.27"]
[EventType "swiss"]
[EventRounds "9"]
[EventCountry "GBR"]
[SourceTitle "BritBase"]
[Source "John Saunders"]
[SourceDate "2025.02.20"]
[SourceVersion "1"]
[SourceVersionDate "2025.02.20"]
[SourceQuality "1"]

1. e4 e6 2. d4 d5 3. Nc3 Bb4 4. e5 c5 5. a3 Bxc3+ 6. bxc3 Ne7 7. Qg4 Qc7 8. Qxg7 Rg8 9. Qxh7 cxd4 10. Ne2 Nbc6 11. f4 dxc3 12. Qd3 d4 13. Nxd4 Nxd4 14. Qxd4 Bd7 15. Rg1 Nf5 16. Qf2 Qc6 17. g4 Qe4+ 18. Qe2 Qa4 19. Rb1 Nd4 20. Qd3 Bc6 21. Kf2 Nf3 22. Rb4 Qa5 23. Rg3 Nd2 24. Bxd2 cxd2 25. Rd4 Qc5 26. Qxd2 Rd8 27. c3 Rd7 28. Bg2 Bb5 29. Qb2 Rxd4 30. cxd4 Qc4 31. Qd2 Bc6 32. Rc3 Qa4 33. h3 Ke7 34. Bxc6 bxc6 35. Rc2 Rb8 36. Rb2 Rb7 37. Rb3 Rxb3 38. Qc2 Rb2 39. Qxb2 Qd1 40. Kg3 Qd3+ 41. Kh4 Qh7+ 42. Kg3 Qd3+ 43. Kf2 Qxh3 44. Qb4+ Ke8 45. Qb8+ Ke7 46. Qd6+ Ke8 47. Qxc6+ Kf8 48. Qf3 Qh2+ 49. Kf1 Qd2 50. f5 exf5 51. gxf5 Qxd4 52. Qa8+ Kg7 53. Qg2+ Kh6 54. Qe2 Qf4+ 55. Qf2 Qxf2+ 1/2-1/2

[Event "GBR-ch110 Major Open"]
[Site "Hull"]
[Date "2024.07.30"]
[Round "4.5"]
[White "Liu, Jack"]
[Black "Pelling, Kyle"]
[Result "1/2-1/2"]
[WhiteElo "2098"]
[BlackElo "1911"]
[PlyCount "44"]
[EventDate "2024.07.27"]
[EventType "swiss"]
[EventRounds "9"]
[EventCountry "GBR"]
[SourceTitle "BritBase"]
[Source "John Saunders"]
[SourceDate "2025.02.20"]
[SourceVersion "1"]
[SourceVersionDate "2025.02.20"]
[SourceQuality "1"]

1. e4 g6 2. d4 Bg7 3. Nc3 d6 4. Be3 a6 5. h4 h5 6. Qd2 b5 7. O-O-O Nd7 8. f3 c6 9. Nh3 Nb6 10. Bd3 Bxh3 11. Rxh3 Rb8 12. Rhh1 Qc7 13. g4 Nf6 14. gxh5 Nxh5 15. Rdg1 e5 16. dxe5 dxe5 17. Ne2 c5 18. Ng3 c4 19. Nxh5 Rxh5 20. Be2 Na4 21. c3 b4 22. Bd1 b3 1/2-1/2

[Event "GBR-ch110 Major Open"]
[Site "Hull"]
[Date "2024.07.30"]
[Round "4.6"]
[White "Nicholas, Koichi B"]
[Black "McCarthy, Damian M"]
[Result "1-0"]
[WhiteElo "2097"]
[BlackElo "1880"]
[PlyCount "59"]
[EventDate "2024.07.27"]
[EventType "swiss"]
[EventRounds "9"]
[EventCountry "GBR"]
[SourceTitle "BritBase"]
[Source "John Saunders"]
[SourceDate "2025.02.20"]
[SourceVersion "1"]
[SourceVersionDate "2025.02.20"]
[SourceQuality "1"]

1. e4 c5 2. Nf3 Nc6 3. d4 cxd4 4. Nxd4 g6 5. c4 Bg7 6. Be3 Nf6 7. Nc3 Ng4 8. Qxg4 Nxd4 9. Qd1 Ne6 10. Rc1 Qa5 11. Qd2 b6 12. Be2 Bb7 13. O-O Bxc3 14. Rxc3 Bxe4 15. Re1 Bc6 16. h3 Qe5 17. Bg4 Qc7 18. Bh6 Qb7 19. g3 f5 20. Bd1 O-O-O 21. b4 Qc7 22. Qc1 Rhe8 23. Be3 f4 24. gxf4 Ba8 25. c5 b5 26. c6 d5 27. Bg4 Kb8 28. Bxe6 d4 29. Rc5 a6 30. Bd2 1-0

[Event "GBR-ch110 Major Open"]
[Site "Hull"]
[Date "2024.07.30"]
[Round "4.7"]
[White "Honey, Luke"]
[Black "Cheng, Louis"]
[Result "0-1"]
[WhiteElo "2041"]
[BlackElo "1876"]
[PlyCount "64"]
[EventDate "2024.07.27"]
[EventType "swiss"]
[EventRounds "9"]
[EventCountry "GBR"]
[SourceTitle "BritBase"]
[Source "John Saunders"]
[SourceDate "2025.02.20"]
[SourceVersion "1"]
[SourceVersionDate "2025.02.20"]
[SourceQuality "1"]

1. Nf3 Nf6 2. g3 d5 3. Bg2 g6 4. c4 dxc4 5. Na3 Be6 6. Qc2 Bd5 7. Nxc4 Bg7 8. O-O Nc6 9. Qa4 O-O 10. Re1 b5 11. Qxb5 Rb8 12. Qc5 Ne4 13. Qe3 Nxf2 14. Qxf2 Bxc4 15. d3 Bd5 16. e4 Be6 17. Rd1 Nd4 18. h3 Qd7 19. Ng5 f5 20. e5 Bxe5 21. Bf4 Rxb2 22. Qxb2 Nf3+ 23. Nxf3 Bxb2 24. Rab1 Bf6 25. Rbc1 c6 26. d4 Bd5 27. Kh2 Qb7 28. Rd2 c5 29. Ne5 Bxg2 30. Rxg2 cxd4 31. Nd3 g5 32. Nc5 Qd5 0-1

[Event "GBR-ch110 Major Open"]
[Site "Hull"]
[Date "2024.07.30"]
[Round "4.8"]
[White "Roberts, David L"]
[Black "Shaw, Peter"]
[Result "1/2-1/2"]
[WhiteElo "1963"]
[BlackElo "2041"]
[PlyCount "65"]
[EventDate "2024.07.27"]
[EventType "swiss"]
[EventRounds "9"]
[EventCountry "GBR"]
[SourceTitle "BritBase"]
[Source "John Saunders"]
[SourceDate "2025.02.20"]
[SourceVersion "1"]
[SourceVersionDate "2025.02.20"]
[SourceQuality "1"]

1. e4 c6 2. Nc3 d5 3. Nf3 dxe4 4. Nxe4 Nf6 5. Nxf6+ exf6 6. Bc4 Bd6 7. Qe2+ Qe7 8. Qxe7+ Kxe7 9. O-O Re8 10. Re1+ Kf8 11. Rxe8+ Kxe8 12. d4 Bg4 13. Be2 Nd7 14. Bd2 Nb6 15. Re1 Kf8 16. h3 Be6 17. a3 a5 18. Kf1 Nc4 19. Bc1 b5 20. Nd2 Nxd2+ 21. Bxd2 a4 22. Bd3 h6 23. Rc1 Rb8 24. Bb4 Bxb4 25. axb4 Rd8 26. c3 Ra8 27. Ke1 Bd5 28. g3 Ke7 29. Kd2 Kd6 30. Re1 Bb3 31. Kc1 Be6 32. h4 Bd5 33. Kd2 1/2-1/2

[Event "GBR-ch110 Major Open"]
[Site "Hull"]
[Date "2024.07.30"]
[Round "4.10"]
[White "Sefton, Adam"]
[Black "Ther, Mate"]
[Result "0-1"]
[WhiteElo "1908"]
[BlackElo "2001"]
[PlyCount "66"]
[EventDate "2024.07.27"]
[EventType "swiss"]
[EventRounds "9"]
[EventCountry "GBR"]
[SourceTitle "BritBase"]
[Source "John Saunders"]
[SourceDate "2025.02.20"]
[SourceVersion "1"]
[SourceVersionDate "2025.02.20"]
[SourceQuality "1"]

1. e4 e5 2. Nf3 Nc6 3. Bb5 a6 4. Ba4 Nf6 5. Nc3 Be7 6. O-O b5 7. Bb3 O-O 8. Nd5 d6 9. Nxf6+ Bxf6 10. Bd5 Bb7 11. c3 Qc8 12. a4 Ne7 13. Bxb7 Qxb7 14. Re1 Rfe8 15. a5 Ng6 16. d3 Qc8 17. h3 Rb8 18. Kh2 Be7 19. d4 Bf6 20. Bg5 Bxg5 21. Nxg5 Qd8 22. Nf3 Qf6 23. g3 b4 24. Kg2 bxc3 25. bxc3 Rb2 26. Rb1 Reb8 27. Rxb2 Rxb2 28. Qd3 Rb5 29. Ra1 h5 30. h4 Nf8 31. Qc4 Ne6 32. dxe5 dxe5 33. Qc6 Nf4+ 0-1

[Event "GBR-ch110 Major Open"]
[Site "Hull"]
[Date "2024.07.30"]
[Round "4.11"]
[White "Angst, Robin"]
[Black "Usifoh, Kristian C"]
[Result "1-0"]
[WhiteElo "2249"]
[BlackElo "1963"]
[PlyCount "83"]
[EventDate "2024.07.27"]
[EventType "swiss"]
[EventRounds "9"]
[EventCountry "GBR"]
[SourceTitle "BritBase"]
[Source "John Saunders"]
[SourceDate "2025.02.20"]
[SourceVersion "1"]
[SourceVersionDate "2025.02.20"]
[SourceQuality "1"]

1. e4 e6 2. b3 d5 3. Bb2 Nf6 4. e5 Nfd7 5. f4 c5 6. Qg4 Nc6 7. Nf3 h5 8. Qh3 Qc7 9. Nc3 a6 10. Be2 Be7 11. O-O b5 12. a4 b4 13. Nd1 g6 14. Ne3 Bb7 15. Nxd5 exd5 16. e6 Nf6 17. exf7+ Kf8 18. Ng5 Bc8 19. Qd3 Bf5 20. Qxf5 gxf5 21. Ne6+ Kxf7 22. Nxc7 Rad8 23. Nxa6 d4 24. Bc4+ Kg6 25. Nc7 Ne4 26. Rae1 Rh6 27. Bd5 Nxd2 28. Bxc6 Nxf1 29. Kxf1 Rh7 30. Be8+ Rxe8 31. Nxe8 Kf7 32. Nc7 Rh6 33. Bc1 Rc6 34. Nb5 Bf6 35. Ke2 Bh4 36. g3 Bd8 37. Kd3 h4 38. Re5 hxg3 39. hxg3 Rg6 40. Rxf5+ Ke6 41. Rxc5 Rxg3+ 42. Ke4 1-0

[Event "GBR-ch110 Major Open"]
[Site "Hull"]
[Date "2024.07.30"]
[Round "4.12"]
[White "Pick, Freddie"]
[Black "Eames, Robert S"]
[Result "1/2-1/2"]
[WhiteElo "1955"]
[BlackElo "2148"]
[PlyCount "77"]
[EventDate "2024.07.27"]
[EventType "swiss"]
[EventRounds "9"]
[EventCountry "GBR"]
[SourceTitle "BritBase"]
[Source "John Saunders"]
[SourceDate "2025.02.20"]
[SourceVersion "1"]
[SourceVersionDate "2025.02.20"]
[SourceQuality "1"]

1. e4 c5 2. Nf3 Nf6 3. Nc3 d5 4. exd5 Nxd5 5. Bc4 Nxc3 6. bxc3 e6 7. O-O Be7 8. d4 O-O 9. Qe2 Qc7 10. Bd3 Nd7 11. Re1 Nf6 12. Bg5 Bd7 13. Ne5 cxd4 14. cxd4 Rfd8 15. Qe3 Be8 16. Rab1 b6 17. Rb3 Rac8 18. Qf4 Ba4 19. Bxh7+ Kxh7 20. Rh3+ Kg8 21. Qh4 Kf8 22. Qh8+ Ng8 23. Ng6+ fxg6 24. Rf3+ Bf6 25. Bxf6 gxf6 26. Rxf6+ Qf7 27. Rxf7+ Kxf7 28. Qh7+ Kf6 29. d5 Bd7 30. dxe6 Bxe6 31. Qxa7 Rd6 32. h4 Rxc2 33. Qb8 Rdc6 34. Rxe6+ Rxe6 35. Qxg8 Rxa2 36. Qf8+ Ke5 37. Qb8+ Kd5 38. Kh2 Rae2 39. Qa8+ 1/2-1/2

[Event "GBR-ch110 Major Open"]
[Site "Hull"]
[Date "2024.07.30"]
[Round "4.13"]
[White "Jaunooby, Ali Reza"]
[Black "Lebedev, Lion"]
[Result "1-0"]
[WhiteElo "2145"]
[BlackElo "1941"]
[PlyCount "47"]
[EventDate "2024.07.27"]
[EventType "swiss"]
[EventRounds "9"]
[EventCountry "GBR"]
[SourceTitle "BritBase"]
[Source "John Saunders"]
[SourceDate "2025.02.20"]
[SourceVersion "1"]
[SourceVersionDate "2025.02.20"]
[SourceQuality "1"]

1. d4 d5 2. Bf4 c5 3. c3 Qb6 4. Qb3 c4 5. Qc2 g6 6. Nd2 Nf6 7. e4 Nxe4 8. Nxe4 Bf5 9. f3 dxe4 10. fxe4 Qe6 11. Be5 f6 12. exf5 gxf5 13. Qa4+ Qc6 14. Qxc6+ Nxc6 15. Bg3 Rc8 16. Bxc4 Nxd4 17. Bd3 f4 18. Bxf4 Ne6 19. Bb5+ Kf7 20. Be3 a6 21. Ba4 Rg8 22. Bb3 Rxg2 23. O-O-O Rc6 24. Bd5 1-0

[Event "GBR-ch110 Major Open"]
[Site "Hull"]
[Date "2024.07.30"]
[Round "4.14"]
[White "Varley, Joe"]
[Black "Harborne, Matthew J"]
[Result "0-1"]
[WhiteElo "1935"]
[BlackElo "2103"]
[PlyCount "66"]
[EventDate "2024.07.27"]
[EventType "swiss"]
[EventRounds "9"]
[EventCountry "GBR"]
[SourceTitle "BritBase"]
[Source "John Saunders"]
[SourceDate "2025.02.20"]
[SourceVersion "1"]
[SourceVersionDate "2025.02.20"]
[SourceQuality "1"]

1. e4 c6 2. Ne2 d5 3. e5 Bf5 4. Ng3 Bg6 5. h4 h5 6. d4 e6 7. Nd2 c5 8. c3 Nc6 9. Nf3 c4 10. Be2 Nh6 11. Ng5 Nf5 12. Bxh5 Nxg3 13. Bxg6 Nxh1 14. Nxf7 Qxh4 15. Qf3 Kd7 16. Bg5 Qh2 17. O-O-O Be7 18. Bf4 Qh4 19. Bf5 exf5 20. Qxd5+ Ke8 21. g3 Qh5 22. Nxh8 Nxf2 23. Qg8+ Bf8 24. Rg1 Ne7 25. Qxc4 Qxh8 26. e6 Qh2 27. Qb5+ Nc6 28. Rf1 Qg2 29. Qe2 Nxd4 30. Qh5+ Kd8 31. Bg5+ Kc7 32. Qf7+ Kb6 33. Rd1 Nd3+ 0-1